000 00837cam a2200241 4500
001 ABS62675
008 000000n2000 000 0 eng u
035 _a(Sirsi) u107879
100 _aAtkinson, J.
245 _aCashing in on social housing
260 _c2000
490 _aContract Journal
_v404(6288) 9 August 2000, 14-16(3)
520 _aSpecial feature on the social housing construction sector. Considers how the extra funding allocated to social housing will affect the industry and compares and contrasts views from local authorities and contractors on housing spend.
590 _aABS
650 _aSOCIAL HOUSING
650 _aFUNDING
650 _aHOUSING REFURBISHMENT
650 _aNEW HOMES
650 _aHOUSING INVESTMENT
650 _aCONSTRUCTION MARKET
690 _aBUILT ENVIRONMENT
942 _n0
999 _c64437
_d64437